Les Personnages Féminins du MCU - Statistiques

Statistiques générales
  • Ce quiz a été pris 104 fois
  • Le résultat moyen est 24 sur 46
Statistiques - réponses
Films ou elle est apparue la 1re fois Réponse % Correct
Iron Man 2 Natasha Romanoff
97%
Les Gardiens de la Galaxie Gamora
95%
Iron Man Pepper Potts
95%
Captain America : Le Soldat de l'Hiver Wanda Maximoff
91%
Captain Marvel Carol Danvers
87%
Les Gardiens de la Galaxie Nebula
86%
Thor Jane Foster
83%
Captain America : First Avenger Peggy Carter
81%
Black Panther Shuri
78%
Les Gardiens de la Galaxie vol 2 Mantis
77%
Ant-Man Hope Van Dyne
74%
Spider-Man Homecoming Michelle Jones
73%
Avengers Maria Hill
71%
Thor : Ragnarok Valkyrie
69%
Captain America : Civil War Maria Stark
68%
Black Panther Okoye
68%
Captain Marvel Maria Rambeau
67%
Thor : Ragnarok Hela
63%
Captain America : Le Soldat de l'Hiver Sharon Carter
62%
Captain Marvel Monica Rambeau
60%
Thor Sif
58%
Thor Frigga
55%
Ant-Man et la Guepe Janet Van Dyne
55%
Docteur Strange L'Ancien
55%
Ant-Man Cassie Lang
53%
Thor Darcy Lewis
47%
Captain America : Civil War May Parker
47%
Ant-Man et la Guepe Ava Starr
44%
Docteur Strange Christine Palmer
41%
Spider-Man Homecoming Liz Tooms
41%
Black Panther Nakia
41%
Iron Man Christine Everhart
40%
Black Panther Ramonda
36%
L'Incroyable Hulk Betty Ross
35%
Avengers : Infinity War Proxima Midnight
35%
Captain Marvel Minn-Erva
28%
Avengers : L'Ere d'Ultron Helen Cho
27%
Avengers : L'Ere d'Ultron Laura Barton
27%
Captain Marvel Wendy Lawson
27%
Les Gardiens de la Galaxie vol 2 Ayesha
24%
Iron Man 3 Maya Hansen
23%
Les Gardiens de la Galaxie Meredith Quill
19%
Ant-Man Maggie Rae Lang
18%
Iron Man 3 Ellen Brandt
9%
Captain Marvel Goose
9%
Thor : Le Monde des Ténèbres Carina
3%
Aucun quiz correspondant
Distribution des résultats
% des personnes avec chaque résultat
Percentile par nombre de réponses
Votre historique - résultats
Vous n’avez pas pris ce quiz